000 00406 a2200169 4500
001 74439
020 _a851002375-1
040 _cAnchieta - Colégio São Paulo
100 _aMocellin, Renato
240 1 0 _aA reações armadas ao Regime de 64
_lpor
245 1 0 _aA reações armadas ao Regime de 64
300 _a76
362 0 _a1999
440 1 _aEditora do Brasil
650 4 _aBrasil
942 _cBK
999 _c74439
_d74439